Zgadnij seriale po EMOJI - Statystyki

Ogólne statystyki
  • Ten quiz został rozwiązany 172 razy
  • Średni wynik to 3 z 13
Statystyki odpowiedzi
Emoji Odpowiedź % Poprawnych
⬜🔺⚪ Squid Game
67%
👺🔫🏠 Dom z papieru
50%
🏥🔍🏠 Doktor House
48%
🏥🧪💰 Breaking Bad
46%
💸👼🔥 Lucyfer
44%
🐺🥍💼 Teen Wolf
42%
🐶☎🔍 Psi Patrol
11%
💚🧟‍♀️🎍 She Hulk
6%
🧛‍♀️🚴‍♀️👺 Wampiry wśród nas
5%
🐭🐶🦆 Klub przyjaciół myszki Miki
4%
🔍🐛🦋 Pokemon
4%
😘🥇🎵 Violetta
3%
🐱‍👤🏆🥋 Lego Ninjago
2%
Nie znaleziono quizów pasujących do podanych kryteriów
Rozkład punktacji
Procent ludzi z każdym wynikiem
Percentyl według liczby udzielonych odpowiedzi
Twoja historia wyników
Nie rozwiązałeś tego quizu